State Capitals That Beat Boise - Statistics

General Stats
  • This quiz has been taken 130 times
  • The average score is 9 of 10
Answer Stats
Rank Category Answer % Correct
8 Closest to the Pacific Ocean Honolulu | Juneau | Olympia | Salem | Sacramento | Carson City | Phoenix
99%
10 Farthest North Juneau | Olympia | Bismarck | Helena | Salem | St. Paul | Montpelier | Pierre | Augusta
99%
7 Highest Elevation Santa Fe | Cheyenne | Denver | Carson City | Salt Lake City | Helena
99%
8 First Alphabetically Albany | Annapolis | Atlanta | Augusta | Austin | Baton Rouge | Bismarck
98%
6 (t) Farthest From Another State Capital Honolulu | Juneau | Phoenix | Austin | Salt Lake City | Helena(t)
97%
7 Farthest West Honolulu | Juneau | Salem | Olympia | Sacramento | Carson City
97%
4 Least Precipitation Phoenix | Carson City | Helena
97%
2 (t) Least Scrabble Points Austin | Atlanta(t) | Salem(t) | Trenton(t)
78%
3 Fastest Growing (2010-2020) Austin | Raleigh
78%
1 (t) Least Letters Dover(t) | Salem(t)
76%
No matching quizzes found
Score Distribution
Percent of People with Each Score
Percentile by Number Answered
Your Score History
You have not taken this quiz